|
|
|
|
| LEADER |
00000nam a22000005a 4500 |
| 001 |
vtls010558081 |
| 003 |
SK-MaSNL |
| 005 |
20260302020340.0 |
| 008 |
160610s2013 xo 000 0 slo |
| 015 |
|
|
|a SNBA2013/11
|
| 020 |
|
|
|a 9788097137205 (viaz.)
|
| 035 |
|
|
|a 1CFFEC23-7130-4010-9291-236572093A98
|
| 035 |
|
|
|a urn:nbn:sk:snk-amkwmz
|
| 035 |
|
|
|a urn:nbn:sk:snk-am0082y3
|
| 040 |
|
|
|a SNK
|b slo
|c SNK
|e AACR2
|
| 041 |
0 |
|
|a slo
|
| 044 |
|
|
|a xo
|c SK
|
| 072 |
|
7 |
|a 929
|x Biografie
|2 konspekt
|
| 080 |
|
|
|a 929
|2 2001
|
| 080 |
|
|
|a 656.6/.7
|2 2001
|
| 080 |
|
|
|a (0:82-94)
|2 2001
|
| 080 |
|
|
|a (093.3)
|2 2001
|
| 100 |
1 |
|
|a Machovič, Pavel
|4 aut
|4 pht
|9 663194
|
| 245 |
1 |
0 |
|a Spomienky obyčajného námorníka
|c Pavel Machovič ; [fotografie: archív autora]
|
| 250 |
|
|
|a 1. vyd.
|
| 260 |
|
|
|a Trnava
|b Ivan Klescht
|c 2013
|
| 300 |
|
|
|a 214 s.
|b fareb. fotogr.
|c 31 cm
|
| 366 |
|
|
|e 50 výt.
|
| 600 |
1 |
7 |
|a Machovič, Pavel
|2 SNKMA
|9 663194
|
| 650 |
0 |
7 |
|a námorníci
|2 SNKPH
|9 50046
|
| 650 |
0 |
7 |
|a Sailors
|2 SNKPHeng
|9 308446
|
| 655 |
|
7 |
|a autobiografické spomienky
|2 SNKPH
|9 70489
|
| 655 |
|
7 |
|a Autobiographical reminiscences
|2 SNKPHeng
|9 302514
|
| 655 |
|
7 |
|a denníky
|2 SNKPH
|9 70534
|
| 655 |
|
7 |
|a Diaries
|2 SNKPHeng
|9 268541
|
| 919 |
|
|
|a 978-80-971372-0-5
|
| 958 |
|
|
|a BX
|
| 999 |
|
|
|c 1024786
|d 1026716
|
| 952 |
|
|
|a SNK
|b SNK
|y PREZ
|7 0
|p 17A1092541
|o snkSB 85815
|i snk2013/27603
|8 0
|0 0
|1 0
|4 0
|d 2013-11-13
|f 1
|l 0
|r 2025-05-06 00:00:00
|w 2026-02-24
|
| 952 |
|
|
|a SNK
|b SNK
|y VYP
|7 0
|p 17A1092542
|o snkSB 85815 D1
|i snk2013/27604
|8 0
|0 0
|1 0
|4 0
|d 2013-11-13
|l 0
|r 2016-06-30 00:00:00
|w 2026-02-24
|